00526 2200193 4500001002100000005001500021035002000036007000300056008004100059020001700100082001100117084001700128100001900145245006300164250001000227260004500237300002500282650002500307INLIS00000000000066220171012011017 a0010-1017000216ta171012 c 0 ind  a979-9555-7-4 a297.34 a297.34 ARI p0 aArini Hidayati1 aPuasa :bBimbingan untuk Anak dan Remaja /cArini Hidayati acet.2 aYogyakarta :bFajar Pusataka Baru,c2001 a127hlm ;c12 x 20 cm aPuasa , Ibadah Islam